La Financiacin̤ en Europa de la pequeą y mediana empresa

Detalles Bibliográficos
Autor principal: Dopacio, Cristina Isabel
Formato: Desconocido
Lenguaje:español
Publicado: [Madrid] : Dykinson, 2004
Materias:
Acceso en línea:Acceso restringido

MARC

LEADER 00000ny a22000003n 4500
005 20110615144352.0
007 cr||||||||||||
008 090618s2004 sp s 000 0 spa|c
020 |a 9788497723473 
035 |a 2745 
040 |a BUS  |d vLex 
090 |c 729  |d 729 
100 1 |a Dopacio, Cristina Isabel 
245 1 3 |a La Financiacin̤ en Europa de la pequeą y mediana empresa  |h [Recurso electrn̤ico]  |c Cristina Isabel Dopacio 
256 |a Servicio en ln̕ea 
260 |a [Madrid] :  |b Dykinson,  |c 2004 
506 1 |a Contenido solo disponible en los productos indicados  |d vLex Global  |d vLex Global (Academic Edition, excluding Law Schools)  |d vLex Global (U.S. Academic Edition, Law Schools)  |d vLex Global (U.S. Academic Edition, excluding Law Schools)  |d vLex Global (Academic Edition, Law Schools) 
650 0 4 |a Empresas  |x Financiacin̤ 
650 0 4 |a Pequenzas y medianas empresas  |z Espaą  |x Contabilidad 
740 0 |a vLex Libros (Servicios en ln̕ea) 
856 4 0 |u http://vlex.com/source/2745  |z Acceso restringido 
942 |c BOOK 
999 0 9 |a Finance  |b Madrid 
999 0 9 |a Petita i mitjana empresa 
999 0 9 |a Europa 
999 0 9 |a Llibres electrṇics